|
|
|
|
| LEADER |
01873nam a2200457 i 4500 |
| 001 |
EBC1708800 |
| 003 |
MiAaPQ |
| 005 |
20200520144314.0 |
| 006 |
m o d | |
| 007 |
cr cnu|||||||| |
| 008 |
140618t20142014njua o 001 0 eng d |
| 020 |
|
|
|z 9781118768587
|
| 020 |
|
|
|a 9781118772850
|q (electronic bk.)
|
| 035 |
|
|
|a (MiAaPQ)EBC1708800
|
| 035 |
|
|
|a (Au-PeEL)EBL1708800
|
| 035 |
|
|
|a (CaPaEBR)ebr10881043
|
| 035 |
|
|
|a (CaONFJC)MIL621894
|
| 035 |
|
|
|a (OCoLC)881387612
|
| 040 |
|
|
|a MiAaPQ
|b eng
|e rda
|e pn
|c MiAaPQ
|d MiAaPQ
|
| 050 |
|
4 |
|a HD61 |b
|b .E374 2014
|
| 082 |
0 |
|
|a 332.64/524
|2 23
|
| 100 |
1 |
|
|a Edwards, Davis W.,
|e author.
|
| 245 |
1 |
0 |
|a Risk management in trading :
|b techniques to drive profitability of hedge funds and trading desks /
|c Davis Edwards.
|
| 264 |
|
1 |
|a Hoboken, New Jersey :
|b Wiley,
|c 2014.
|
| 264 |
|
4 |
|c 2014
|
| 300 |
|
|
|a 1 online resource (320 pages) :
|b illustrations, graphs, tables.
|
| 336 |
|
|
|a text
|2 rdacontent
|
| 337 |
|
|
|a computer
|2 rdamedia
|
| 338 |
|
|
|a online resource
|2 rdacarrier
|
| 490 |
1 |
|
|a Wiley Finance Series
|
| 500 |
|
|
|a Includes index.
|
| 588 |
|
|
|a Description based on print version record.
|
| 590 |
|
|
|a Electronic reproduction. Ann Arbor, MI : ProQuest, 2015. Available via World Wide Web. Access may be limited to ProQuest affiliated libraries.
|
| 650 |
|
0 |
|a Risk management.
|
| 650 |
|
0 |
|a Investment banking.
|
| 650 |
|
0 |
|a Hedge funds.
|
| 655 |
|
4 |
|a Electronic books.
|
| 776 |
0 |
8 |
|i Print version:
|a Edwards, Davis W.
|t Risk management in trading : techniques to drive profitability of hedge funds and trading desks.
|d Hoboken, New Jersey : Wiley, c2014
|h xi, 306 pages
|k Wiley finance series.
|z 9781118768587
|w 2014005542
|
| 797 |
2 |
|
|a ProQuest (Firm)
|
| 830 |
|
0 |
|a Wiley finance series.
|
| 856 |
4 |
0 |
|u https://ebookcentral.proquest.com/lib/matrademy/detail.action?docID=1708800
|z Click to View
|